| 000 | 005930000a22001810004500 | ||
|---|---|---|---|
| 003 | MACL | ||
| 005 | 20160507161130.0 | ||
| 008 | 160507b xxu||||| |||| 00| 0 eng d | ||
| 040 |
_aMACL _cMACL |
||
| 041 | _aHindi | ||
| 082 | _a800 SHE | ||
| 100 |
_aविभाग, प्रकाशन _955110 |
||
| 245 |
_aजन कथाकार शैलेश मटियानी _cप्रकाशन विभाग |
||
| 260 |
_bप्रकाशन विभाग _c2004 _aनई दिल्ली |
||
| 350 | _a75 | ||
| 650 |
_aLiterature _955625 |
||
| 942 |
_cHIN _k800/SHE/L _2ddc |
||
| 999 |
_c18563 _d18563 |
||